Catálogo de pinturas del Museo Naval / (Record no. 18796)
[ view plain ]
| 000 -LEADER | |
|---|---|
| campo de control de longitud fija | 01475nam a2200265 i 4500 |
| 001 - NÚMERO DE CONTROL | |
| campo de control | 18796 |
| 003 - IDENTIFICADOR DE NÚMERO DE CONTROL | |
| campo de control | ES-MaACL |
| 005 - FECHA Y HORA DE LA ÚLTIMA TRANSACCIÓN | |
| campo de control | 20230906151926.0 |
| 007 - CAMPO FIJO DE DESCRIPCIÓN FÍSICA--INFORMACIÓN GENERAL | |
| campo de control de longitud fija | t| |
| 008 - DATOS DE LONGITUD FIJA--INFORMACIÓN GENERAL | |
| campo de control de longitud fija | 030508m20002003sp ||||1| spa d |
| 020 ## - NÚMERO INTERNACIONAL ESTÁNDAR DEL LIBRO | |
| Número Internacional Estándar del Libro | 84-7823-663-5 |
| 080 ## - NÚMERO DE LA CLASIFICACIÓN DECIMAL UNIVERSAL | |
| Número de la Clasificación Decimal Universal | 75:069.538(460.27 M.) |
| 100 1# - ENTRADA PRINCIPAL--NOMBRE DE PERSONA | |
| Nombre de persona | González de Canales, Fernando. |
| 9 (RLIN) | 58531 |
| 245 10 - MENCIÓN DEL TÍTULO | |
| Título | Catálogo de pinturas del Museo Naval / |
| Mención de responsabilidad, etc. | Fernando González de Canales y López-Obrero. |
| 260 ## - PUBLICACIÓN, DISTRIBUCIÓN, ETC. | |
| Lugar de publicación, distribución, etc. | Madrid : |
| Nombre del editor, distribuidor, etc. | Ministerio de Defensa, |
| Fecha de publicación, distribución, etc. | 2000-<2003> |
| 300 ## - DESCRIPCIÓN FÍSICA | |
| Extensión | v. <2-6> : |
| Otras características físicas | il. col. y n. ; |
| Dimensiones | 30 cm. |
| 500 ## - NOTA GENERAL | |
| Nota general | En la port.: Armada Española. |
| 500 ## - NOTA GENERAL | |
| Nota general | En el vol. 6 aparece también como autor Rafael Estrada Giménez. |
| 505 8# - NOTA DE CONTENIDO CON FORMATO | |
| Nota de contenido con formato | Contiene: t. 2. Retratos de los oficiales generales del Cuerpo General de la Armada en la Jurisdicción General de Marina -- t. 3. Retratos de los oficiales particulares del Cuerpo General de la Armada y otros en la Jurisdicción Central de Marina -- t. 4. Pintura de historia marítima y de batallas y combates navales en la Jurisdicción Central de Marina -- t. 5. Retratos de buques, vistas, paisajes, bodegones y pintura religiosa en la Jurisdicción Central de Marina -- t. 6. Obras existentes en la zona marítima del Mediterráneo |
| 650 14 - PUNTO DE ACCESO ADICIONAL DE MATERIA--TÉRMINO DE MATERIA | |
| Término de materia o nombre geográfico como elemento de entrada | Pintura- |
| Subdivisión geográfica | Museo Naval- |
| Subdivisión de forma | Catálogos. |
| 9 (RLIN) | 16008 |
| 650 14 - PUNTO DE ACCESO ADICIONAL DE MATERIA--TÉRMINO DE MATERIA | |
| Término de materia o nombre geográfico como elemento de entrada | Retratos- |
| Subdivisión geográfica | Museo Naval- |
| Subdivisión de forma | Catálogos. |
| 9 (RLIN) | 16891 |
| 700 1# - ENTRADA AGREGADA--NOMBRE PERSONAL | |
| Nombre de persona | Estrada Giménez, Rafael. |
| 9 (RLIN) | 48219 |
| 710 1# - ENTRADA AGREGADA--NOMBRE DE ENTIDAD CORPORATIVA | |
| Nombre de entidad corporativa o nombre de jurisdicción como elemento de entrada | Museo Naval (Madrid) |
| 9 (RLIN) | 5906 |
| 852 ## - LOCALIZACIÓN | |
| Ubicación | ES-MaACL |
| Número de control de estantería | P-1974 |
| Sublocalización o colección | R.130218 |
| Estatus retirado | Estado de pérdida | Estado de daño | No para préstamo | Biblioteca de origen | Biblioteca actual | Ubicación en estantería | Fecha de adquisición | Fuente de adquisición | Total de préstamos | Signatura topográfica completa | Código de barras | Visto por última vez | Precio de reemplazo | Tipo de ítem Koha |
|---|---|---|---|---|---|---|---|---|---|---|---|---|---|---|
| Biblioteca del Ateneo de Madrid | Biblioteca del Ateneo de Madrid | Depósito 2 | 17/01/2008 | P-1974 | 1019233 | 23/02/2023 | 23/02/2023 | Libro impreso |
